[Event "Challenge"]
[Site "http://www.queenalice.com/game.php?id=1498908"]
[Date "2017.10.15"]
[Round "-"]
[White "rockaudrey"]
[Black "teddy"]
[Result "1/2-1/2"]
[WhiteElo "2046"]
[BlackElo "2107"]

1. e4 e5 2. Nf3 Nf6 3. Nxe5 d6 4. Nf3 Nxe4 5. Qe2 Qe7 6. d3 Nf6 7. Nc3 c6 8. Bg5
Be6 9. O-O-O h6 10. Bf4 g5 11. Be3 Bg7 12. Qd2 O-O 13. h4 g4 14. Bxh6 Bxh6 15.
Qxh6 gxf3 16. gxf3 Bf5 17. d4 Bg6 18. Bd3 Re8 19. Rhg1 Qf8 20. Qg5 Nh7 21. Qd2
Kh8 22. Bxg6 1/2-1/2

[Event "Quem perder ganha, rsrsrs"]
[Site "http://www.queenalice.com/game.php?id=1499127"]
[Date "2017.10.16"]
[Round "-"]
[White "teddy"]
[Black "rockaudrey"]
[Result "1/2-1/2"]
[WhiteElo "2105"]
[BlackElo "2087"]

1. e4 c5 2. Be2 Nc6 3. d3 d6 4. c3 Nf6 5. f4 e6 6. Na3 a6 7. Nf3 Qa5 8. Nc4 Qc7
9. h3 Be7 10. g4 e5 11. fxe5 dxe5 12. Be3 Be6 13. Ncd2 h6 14. Nf1 O-O-O 15. Ng3
Nd7 16. Nf5 Bf6 17. Qc2 Kb8 18. b3 g6 19. Nxh6 Bg7 20. g5 f5 21. O-O-O f4 22.
Bf2 Bxh6 23. gxh6 Rxh6 24. Ng5 Bg8 25. Bg4 Nf6 26. Bxc5 Nxg4 27. hxg4 Rxh1
1/2-1/2

[Event "OS INCLIVES"]
[Site "http://www.queenalice.com/game.php?id=1501379"]
[Date "2017.10.31"]
[Round "-"]
[White "adelio"]
[Black "teddy"]
[Result "1/2-1/2"]
[WhiteElo "1327"]
[BlackElo "2124"]

1. d4 d5 2. e4 e6 3. e5 c5 4. c3 c4 5. Nd2 Ne7 6. Ndf3 Ng6 7. Ng5 Be7 8. Nxf7
Kxf7 9. Be2 Rf8 10. g3 Kg8 11. h4 Nxh4 12. gxh4 Bxh4 13. Nf3 Rxf3 14. Bxf3 g5
15. Qe2 Nc6 16. Rg1 h6 17. Qc2 Ne7 18. Bh5 Qf8 19. Be3 Nf5 20. O-O-O a5 21.
Rxg5+ hxg5 22. Bxg5 Bxg5+ 23. Kb1 Qh6 24. Bf3 Ne7 25. Rh1 Qg6 26. Bh5 Qxc2+ 27.
Kxc2 Bh6 1/2-1/2

[Event "OS INCLIVEIS"]
[Site "http://www.queenalice.com/game.php?id=1501380"]
[Date "2017.10.31"]
[Round "-"]
[White "teddy"]
[Black "adelio"]
[Result "1-0"]
[WhiteElo "2106"]
[BlackElo "1389"]

1. e4 a6 2. a3 c5 3. b4 e6 4. c4 Be7 5. Nf3 Nc6 6. Bb2 f6 7. bxc5 Bxc5 8. d4 Ba7
9. Bd3 d6 10. O-O h5 11. e5 f5 12. d5 Nxe5 13. Nxe5 dxe5 14. Bxe5 Qd7 15. dxe6
Qe7 16. Bxf5 b5 17. Bg6+ Kf8 18. Qf3+ Nf6 19. Qxa8 Qb7 20. Bf7 Ke7 21. Qxb7+
Bxb7 22. Rd1 Rd8 23. Bxf6+ gxf6 24. Nc3 Bd4 25. Nd5+ Bxd5 26. Rxd4 bxc4 27. Rad1
Kf8 28. Rxd5 Rxd5 29. Rxd5 Ke7 30. Rd7+ Kf8 31. Bxh5 Kg8 32. e7 Kg7 33. e8=Q+
Kh6 34. Qg6# 1-0

[Event "Dona Clarinda Matriarca III"]
[Site "http://www.queenalice.com/game.php?id=1503648"]
[Date "2017.11.14"]
[Round "-"]
[White "Lintz"]
[Black "teddy"]
[Result "1/2-1/2"]
[WhiteElo "1858"]
[BlackElo "2096"]

1. e4 e6 2. d3 d5 3. exd5 exd5 4. d4 c5 5. Bb5+ Nc6 6. c3 a6 7. Be2 Bf5 8. Nf3
Qb6 9. dxc5 Qxc5 10. Be3 Qd6 11. O-O O-O-O 12. Nd4 Nxd4 13. cxd4 Kb8 14. Nc3 Qg6
15. Bf3 Nf6 16. Qc1 Bd6 17. Bf4 Ka8 18. Bxd6 Rxd6 19. Re1 Ne4 20. Na4 Rc8 21.
Qf4 Rc4 22. b3 Rxd4 23. Qc1 Rc6 24. Qe3 Ng5 25. g3 Rd3 26. Qe8+ Ka7 27. Bg2 b5
28. Qe7+ Kb8 29. Qe8+ Rc8 30. Qe5+ Ka7 31. Qe7+ Kb8 32. Qe5+ Ka7 33. Qe7+
1/2-1/2

[Event "Dona Clarinda Matriarca IV"]
[Site "http://www.queenalice.com/game.php?id=1503649"]
[Date "2017.11.14"]
[Round "-"]
[White "teddy"]
[Black "Lintz"]
[Result "1/2-1/2"]
[WhiteElo "2104"]
[BlackElo "1860"]

1. e4 c5 2. Nf3 d6 3. Be2 b6 4. Bb5+ Bd7 5. Bxd7+ Qxd7 6. d4 cxd4 7. Nxd4 e6 8.
O-O Nf6 9. Qf3 Qb7 10. Nd2 Be7 11. e5 Qxf3 12. N2xf3 dxe5 13. Nxe5 O-O 14. Bf4
Nbd7 15. Ndc6 Bd8 16. Nxd7 Nxd7 17. Rad1 Nf6 18. Rd3 Nd5 19. Rfd1 b5 20. b3 f6
21. Bg3 Bb6 22. c4 bxc4 23. bxc4 Nc7 24. Rd7 Na6 25. Bd6 Rfe8 26. Be7 h6 27.
Bxf6 gxf6 28. R1d3 Nc5 1/2-1/2

[Event "Amigos Bategoll"]
[Site "http://www.queenalice.com/game.php?id=1504663"]
[Date "2017.11.21"]
[Round "1"]
[White "ChessColossos"]
[Black "teddy"]
[Result "1-0"]
[WhiteElo "1693"]
[BlackElo "2086"]

1. e4 e6 2. d4 d5 3. Nd2 g6 4. Ngf3 Bg7 5. e5 Ne7 6. Bb5+ Nbc6 7. O-O O-O 8. c3
Bd7 9. Nb3 Nxe5 10. Bd3 Nxd3 11. Qxd3 a6 12. Re1 b6 13. c4 dxc4 14. Qxc4 Nd5 15.
Bg5 Qc8 16. Rac1 Re8 17. a4 h6 18. Bd2 Qb7 19. g3 c5 20. dxc5 Rac8 21. a5 b5 22.
Qc2 e5 23. Nh4 Bh3 24. f3 Qc6 25. Rcd1 Ne7 26. Re3 g5 27. Ng2 Bf5 28. Qc1 Qd5
29. Be1 Qc4 30. Qd2 Nc6 31. Rc1 Qa4 32. Ra1 Qc4 33. Rc1 Qe6 34. g4 Bg6 35. Rd1
Red8 36. Qe2 Rxd1 37. Qxd1 Rd8 38. Qc1 Rd5 39. Kf2 Qd7 40. Re2 Bd3 41. Rd2 e4
42. Ne3 Qc7 43. Nxd5 Qxh2+ 44. Ke3 Qh3 45. Qd1 Be5 46. Rxd3 exd3 47. Qxd3 Bxb2
48. Bc3 Bxc3 49. Qxc3 Qg3 50. Nf6+ Kf8 51. Nh5 Qg1+ 52. Ke4 Qb1+ 53. Kd5 Ne7+
54. Kd6 Qd1+ 55. Nd2 1-0

[Event "É mate I"]
[Site "http://www.queenalice.com/game.php?id=1506085"]
[Date "2017.11.29"]
[Round "-"]
[White "teddy"]
[Black "rockaudrey"]
[Result "1/2-1/2"]
[WhiteElo "2050"]
[BlackElo "2117"]

1. e4 e6 2. d4 d5 3. Nd2 c5 4. c3 Bd7 5. exd5 exd5 6. Be2 Nf6 7. Ngf3 Nc6 8. O-O
Be7 9. Re1 O-O 10. a3 Re8 11. Nf1 a6 12. Ne3 c4 13. h3 Bd6 14. g4 Be6 15. Bf1 b5
16. Bg2 Qc7 17. Re2 a5 18. Bd2 Ne4 19. Be1 b4 20. Nd2 bxc3 21. Nxe4 cxb2 22.
Rxb2 dxe4 23. d5 Bh2+ 24. Kh1 Red8 25. Bxe4 Ne7 26. Qf3 Be5 27. dxe6 fxe6 28.
Rb7 Qc5 29. Rxe7 Qxe7 30. Bxa8 Bxa1 31. Bxa5 Rb8 32. Bb4 1/2-1/2

[Event "É mate II"]
[Site "http://www.queenalice.com/game.php?id=1506086"]
[Date "2017.11.29"]
[Round "-"]
[White "rockaudrey"]
[Black "teddy"]
[Result "0-1"]
[WhiteElo "2142"]
[BlackElo "2056"]

1. e4 e6 2. d4 d5 3. e5 c5 4. c3 h6 5. Nf3 c4 6. Be2 b5 7. O-O Nc6 8. a4 b4 9.
cxb4 Bxb4 10. Nc3 a6 11. Be3 Nge7 12. Na2 Rb8 13. Nxb4 Nxb4 14. Bd2 a5 15. Bxb4
Rxb4 16. Qc2 Qb6 17. Rfb1 Bd7 18. Ra3 Nf5 19. Qc3 O-O 20. Bd1 Rb8 21. Ra2 g5 22.
g4 Ne7 23. Bc2 Ng6 24. Qe3 Nf4 25. Ne1 c3 26. Nd3 Bxa4 27. Nxb4 Bxc2 28. Nxc2
Qb3 29. Raa1 Qxc2 30. Kh1 cxb2 31. Rc1 bxa1=Q 0-1

[Event "Manos x Manos"]
[Site "http://www.queenalice.com/game.php?id=1511721"]
[Date "2018.1.14"]
[Round "-"]
[White "Lintz"]
[Black "teddy"]
[Result "1-0"]
[WhiteElo "1859"]
[BlackElo "2075"]

1. e4 d5 2. exd5 e6 3. dxe6 Bxe6 4. d4 Nf6 5. Nf3 h6 6. Nc3 Bb4 7. Bd3 O-O 8.
Bd2 c5 9. dxc5 Bxc5 10. O-O Nc6 11. a3 Bg4 12. Be2 Qd7 13. Qc1 Qf5 14. Bd3 Qh5
15. Be2 Ne5 16. Nxe5 Bxe2 17. Nxe2 Qxe5 18. Ng3 Ng4 19. Bc3 Qd5 20. Qd1 Qc6 21.
Qxg4 1-0

[Event "Um Novo Temoi"]
[Site "http://www.queenalice.com/game.php?id=1511722"]
[Date "2018.1.14"]
[Round "-"]
[White "teddy"]
[Black "Lintz"]
[Result "0-1"]
[WhiteElo "2059"]
[BlackElo "1886"]

1. d3 e5 2. e4 d6 3. f4 exf4 4. Bxf4 Nf6 5. Nf3 Nc6 6. Nc3 Bg4 7. Be2 Bd7 8. Qd2
h6 9. h4 Be6 10. d4 Bd7 11. O-O-O Be7 12. e5 dxe5 13. dxe5 Ng4 14. Bc4 Be6 15.
Bxe6 fxe6 16. Qe2 Qc8 17. Qe4 Nf2 18. Qg6+ Kf8 19. Rhf1 Nxd1 20. Bxh6 Rxh6 21.
Ng5+ Kg8 22. Qf7+ Kh8 23. Rxd1 Rxh4 24. Nxe6 Qg8 25. Qxg8+ Kxg8 26. Nb5 Nxe5 27.
Nbxc7 Rc8 28. Rd5 Nc6 29. a3 Bf6 30. Rd3 Ne5 31. Rb3 b6 32. Rg3 Rg4 0-1

[Event "Tributo aos nossos pégasus I"]
[Site "http://www.queenalice.com/game.php?id=1515478"]
[Date "2018.2.10"]
[Round "-"]
[White "teddy"]
[Black "Lintz"]
[Result "1-0"]
[WhiteElo "2036"]
[BlackElo "1936"]

1. e4 e5 2. f4 exf4 3. d4 c6 4. Bxf4 d6 5. Nf3 Bg4 6. Qd3 f6 7. Nbd2 g6 8. O-O-O
Bg7 9. h3 Bd7 10. Bxd6 Bxh3 11. Bxb8 Bxg2 12. Bxg2 Rxb8 13. Nc4 Ne7 14. Kb1 b5
15. Ne3 a5 16. Nh4 Qb6 17. Rhe1 O-O 18. Bh3 Rbd8 19. Be6+ Kh8 20. d5 cxd5 21.
Nxd5 Nxd5 22. Nxg6+ hxg6 23. Qh3+ 1-0

[Event "Tributo aos nossos pégasus II"]
[Site "http://www.queenalice.com/game.php?id=1515479"]
[Date "2018.2.10"]
[Round "-"]
[White "Lintz"]
[Black "teddy"]
[Result "0-1"]
[WhiteElo "1924"]
[BlackElo "2048"]

1. e4 e5 2. Nf3 Nc6 3. Bb5 a6 4. Ba4 Nf6 5. O-O d6 6. d3 Be6 7. Bg5 Be7 8. Nc3
b5 9. Bb3 b4 10. Na4 O-O 11. Re1 h6 12. Bd2 Nh7 13. h3 Qd7 14. Bxh6 gxh6 15.
Bxe6 fxe6 16. Nh2 Nd4 17. b3 Rf7 18. c3 bxc3 19. Nxc3 Bg5 20. g3 Raf8 21. Rf1
Nf3+ 22. Nxf3 Rxf3 0-1

[Event "Brasil Hexacampeão "]
[Site "http://www.queenalice.com/game.php?id=1519684"]
[Date "2018.3.15"]
[Round "-"]
[White "Lintz"]
[Black "teddy"]
[Result "1/2-1/2"]
[WhiteElo "1913"]
[BlackElo "2017"]

1. e4 e6 2. d4 d5 3. e5 c5 4. c3 c4 5. Nf3 b5 6. b4 Nc6 7. a3 a5 8. bxa5 Qxa5 9.
Bd2 Qa4 10. Qxa4 bxa4 11. Be2 Na5 12. Ra2 Rb8 13. O-O Nb3 14. Be3 Ne7 15. Nfd2
Nf5 16. Nf3 Be7 17. h3 Nxe3 18. fxe3 f5 19. exf6 gxf6 20. Kf2 Bb7 21. Rb2 Kf7
22. Ke1 Bd6 23. Kd1 Ke7 24. Rh1 Rhg8 25. g4 Rg7 26. Nfd2 Rbg8 27. Bf3 f5 28. Nf1
h5 29. Rg2 hxg4 30. hxg4 fxg4 31. Bxg4 Rxg4 32. Rxg4 Rxg4 33. Rh7+ Kf6 34. Rxb7
Rg1 35. Ke2 Rh1 36. Ra7 Nc1+ 37. Kf2 Nd3+ 38. Kg2 Rh5 39. Rxa4 Rg5+ 40. Kf3 Rf5+
41. Kg2 Rf2+ 42. Kg1 Rc2 43. Ra8 Rc1 44. Nd2 Rxc3 45. Ra6 Bxa3 46. Nb1 Rb3 47.
Nxa3 c3 48. Nc2 Rb2 49. Na1 Ne1 50. Ra3 c2 51. Nxc2 Rxc2 52. Rb3 Nf3+ 53. Kh1
Rc1 54. Kg2 Rxf1 55. Kxf1 Nd2+ 1/2-1/2

[Event "Jogo dos Magnos Manos"]
[Site "http://www.queenalice.com/game.php?id=1519685"]
[Date "2018.3.15"]
[Round "-"]
[White "teddy"]
[Black "Lintz"]
[Result "1/2-1/2"]
[WhiteElo "2032"]
[BlackElo "1930"]

1. e4 e5 2. f4 Bc5 3. Nf3 d6 4. Bc4 Nf6 5. d3 Bg4 6. fxe5 dxe5 7. Bxf7+ Kxf7 8.
Nxe5+ Ke8 9. Nxg4 h5 10. Nxf6+ Qxf6 11. Rf1 Qh4+ 12. Ke2 Qg4+ 13. Kd2 Qxg2+ 14.
Kc3 Nc6 15. a3 Bd4+ 16. Kb3 Qg6 17. c3 Na5+ 18. Ka2 Qe6+ 19. b3 Bb6 20. Bb2 Kd7
21. c4 Qe7 22. e5 Rad8 23. Nd2 Kc8 24. Qf3 Bd4 25. Bxd4 Rxd4 26. Qf5+ Kb8 27.
Rf2 Nc6 28. e6 Nd8 29. Raf1 Qxe6 30. Qxe6 Nxe6 31. Re1 Nc5 32. Rfe2 Nxd3 33.
Re8+ Rd8 34. Rxh8 Rxh8 35. Re7 g5 36. Ne4 Rg8 37. Nxg5 b6 38. Ne6 Rg2+ 39. Ka1
Rxh2 40. Nxc7 Rh1+ 41. Ka2 h4 42. Nd5 h3 43. Re8+ Kb7 44. Re7+ Kb8 45. Re8+ Kb7
1/2-1/2

[Event "Michelangelo"]
[Site "http://www.queenalice.com/game.php?id=1519969"]
[Date "2018.3.17"]
[Round "4"]
[White "Taurus"]
[Black "teddy"]
[Result "1-0"]
[WhiteElo "2147"]
[BlackElo "2028"]

1. e4 e5 2. Nf3 Nc6 3. Bc4 Bc5 4. Nc3 Nf6 5. d3 O-O 6. Bg5 h6 7. Bh4 Be7 8. Bg3
d6 9. d4 Bg4 10. dxe5 Bxf3 11. Qxf3 dxe5 12. Rd1 Nd4 13. Qd3 Nc6 14. Qe3 Qe8 15.
O-O Rd8 16. Bb5 Bd6 17. Bh4 a6 18. Ba4 Qe7 19. Bxc6 bxc6 20. Qf3 g5 21. Bg3 Bb4
22. Ne2 Rxd1 23. Rxd1 Rd8 24. Rd3 Rd6 25. a3 Bc5 26. h3 a5 27. c3 Kg7 28. b4
axb4 29. cxb4 Ba7 30. Nc1 c5 31. b5 c4 32. Rxd6 Qxd6 33. Qc3 Bd4 34. Qxc4 Nxe4
35. Ne2 1-0

[Event "Homenagem a D. Clarinda"]
[Site "http://www.queenalice.com/game.php?id=1539703"]
[Date "2018.8.22"]
[Round "-"]
[White "teddy"]
[Black "Lintz"]
[Result "0-1"]
[WhiteElo "1994"]
[BlackElo "1914"]

1. e4 c5 2. c3 d6 3. Be2 Nc6 4. Na3 a6 5. f4 e6 6. Nf3 g6 7. Nc2 Bg7 8. O-O Nge7
9. d4 cxd4 10. cxd4 O-O 11. Kh1 b6 12. d5 exd5 13. exd5 Na7 14. Be3 Bxb2 15.
Bxb6 Qxb6 16. Rb1 Rb8 17. Nce1 Bf5 18. Nd3 Bxd3 19. Bxd3 Nxd5 20. Qd2 Qb4 21.
Qf2 Nc3 22. Qxa7 Nxb1 23. Rxb1 Qxf4 24. Qxa6 Rfc8 25. Rxb2 Qc1+ 0-1

[Event "Homenagem a D. Clarinda2"]
[Site "http://www.queenalice.com/game.php?id=1539704"]
[Date "2018.8.22"]
[Round "-"]
[White "Lintz"]
[Black "teddy"]
[Result "1-0"]
[WhiteElo "1874"]
[BlackElo "2014"]

1. e4 e5 2. c3 Bc5 3. Nf3 Nc6 4. d3 a5 5. a4 h6 6. Be2 d6 7. b3 Nf6 8. O-O O-O
9. Nbd2 Nh7 10. Re1 f5 11. exf5 Bxf5 12. Ne4 Ba7 13. Rf1 Bxe4 14. dxe4 Ng5 15.
Nxg5 hxg5 16. Bb5 Qf6 17. Qg4 Bxf2+ 18. Kh1 Qg6 19. Bc4+ Kh7 20. Bxg5 Rf4 21.
Qh3+ 1-0

[Event "Vila Velha x Além Paraíba"]
[Site "http://www.queenalice.com/game.php?id=1546236"]
[Date "2018.10.18"]
[Round "-"]
[White "teddy"]
[Black "rockaudrey"]
[Result "1/2-1/2"]
[WhiteElo "2013"]
[BlackElo "2042"]

1. e4 c5 2. Nf3 d6 3. Bb5+ Bd7 4. Qe2 g6 5. c3 Bg7 6. O-O Nf6 7. h3 O-O 8. Na3
Nc6 9. Nc2 a6 10. Bxc6 Bxc6 11. d3 Re8 12. Be3 b5 13. Qd2 Rc8 14. Bh6 c4 15.
Bxg7 Kxg7 16. Rfe1 cxd3 17. Qxd3 e5 18. Nd2 a5 19. Re3 Qb6 20. f3 Bb7 21. Qf1 d5
22. Rc1 d4 23. cxd4 exd4 24. Rd3 Ba6 25. Qf2 Red8 26. b4 axb4 27. Nb3 Rc3 28.
Nbxd4 Kg8 29. Rxc3 bxc3 30. a3 Nh5 31. g3 Bc8 32. Kg2 Qa7 1/2-1/2

[Event "Além Paraíba x Vila Velha"]
[Site "http://www.queenalice.com/game.php?id=1546237"]
[Date "2018.10.18"]
[Round "-"]
[White "rockaudrey"]
[Black "teddy"]
[Result "1/2-1/2"]
[WhiteElo "2041"]
[BlackElo "1992"]

1. f4 f5 2. Nf3 Nf6 3. b3 e6 4. Bb2 Be7 5. e3 b6 6. Be2 O-O 7. Nc3 Bb7 8. O-O c5
9. d3 Na6 10. a3 Nc7 11. Ne5 d6 12. Nf3 Ncd5 13. Qd2 Qd7 14. Nd1 b5 15. Nf2 a5
16. c4 bxc4 17. dxc4 Nb6 18. Rfd1 Rfd8 19. Qc3 Ne8 20. Nd3 Bf6 21. Qc2 Qe7 22.
Bc3 Bxc3 23. Qxc3 Nf6 24. Ng5 h6 25. Nf3 Ne4 26. Qc2 Qf6 27. Nf2 Nc3 28. Rdc1
Nxe2+ 29. Qxe2 Rd7 30. Rd1 g5 31. h3 e5 32. fxe5 dxe5 33. Rxd7 1/2-1/2

[Event "Magnânimus Manus Velhus II"]
[Site "http://www.queenalice.com/game.php?id=1550017"]
[Date "2018.11.21"]
[Round "-"]
[White "Lintz"]
[Black "teddy"]
[Result "1/2-1/2"]
[WhiteElo "1880"]
[BlackElo "1975"]

1. e4 e6 2. d4 d5 3. exd5 exd5 4. Nf3 Nf6 5. Bd3 Bd6 6. h3 O-O 7. Nc3 c5 8. O-O
c4 9. Be2 a6 10. a4 h6 11. Re1 Qc7 12. Bf1 Nc6 13. Be3 Bf5 14. Na2 b5 15. c3 Ne4
1/2-1/2